Entre la exclusión y la ciudadanía global /
Zapisane w:
| 1. autor: | |
|---|---|
| Format: | Texto |
| Język: | Spanish |
| Hasła przedmiotowe: | |
| Etykiety: |
Dodaj etykietę
Nie ma etykietki, Dołącz pierwszą etykiete!
|
MARC
| LEADER | 00000 a a2200000 04500 | ||
|---|---|---|---|
| 001 | 308 | ||
| 003 | cru CIDCACS/IIS | ||
| 005 | 20230321162114.0 | ||
| 008 | 230321b |||||||| |||| 00| 0 spa d | ||
| 040 | |c cru CIDCACS/IIS | ||
| 100 | 1 | |a Vargas V., Virginia | |
| 245 | 1 | |a Entre la exclusión y la ciudadanía global / |c Virginia Vargas V. | |
| 650 | |a SOCIEDAD CIVIL | ||
| 650 | |a DESIGUALDAD SOCIAL | ||
| 650 | |a HISTORIA | ||
| 650 | |a POLITICA | ||
| 650 | |a CULTURA | ||
| 650 | |a DERECHOS HUMANOS | ||
| 650 | |a LIBERALIZACION DEL INTERCAMBIO | ||
| 650 | |a DEMOCRACIA | ||
| 773 | |g volumen 23, número 290 -291; páginas 37-40 | ||
| 942 | |2 ddc |c PP | ||
| 999 | |c 38172 |d 38172 | ||
| 773 | 0 | |0 42391 |9 8509 |a Agencia Latinoamericana de Información, ALAI |d Quito, Ecuador: ALAI |o 08327 |t ALAI: |x 08275564 (Servicio mensual de información y documentación) | |
